Rescate del patrimonio material más antiguo de la Región: de las iglesias precordilleranas a los templos urbanos

保存先:
書誌詳細
主要な著者: Núñez Atencio, Lautaro (autor), Galeno Ibaceta, Claudio (著者)
その他の著者: González Pizarro, José Antonio (autor)
フォーマット: 図書
言語:スペイン語
出版事項: Antofagasta Consejo Regional Región Antofagasta 2010
版:1a. ed
主題:
タグ: タグ追加
タグなし, このレコードへの初めてのタグを付けませんか!

MARC

LEADER 00000cam a2200000 a 4500
001 UCD1562
003 CL-VaPUC
008 160310e20100000cl |||||||||||||||||spa|d
020 |a 9789562872874 
082 0 4 |a 726.5  |b NUN  |2 21 
100 |a Núñez Atencio, Lautaro  |e autor  |9 441291 
700 |a González Pizarro, José Antonio  |e autor  |9 594871 
700 |a Galeno Ibaceta, Claudio  |e author  |9 584675 
245 1 0 |a Rescate del patrimonio material más antiguo de la Región: de las iglesias precordilleranas a los templos urbanos 
250 |a 1a. ed 
300 |a 131 p 
942 |c BK 
945 |d 20160310 23:10:00  |a arojas 
260 |a Antofagasta  |b Consejo Regional Región Antofagasta  |c 2010 
650 0 |a Edificios religiosos  |9 335394 
650 0 |a Bienes culturales  |9 410009 
650 0 |a Patrimonio cultural  |9 309364 
651 7 |a ANTOFAGASTA  |2 CL-VaPUC  |9 319270 
583 |a last modification  |c 20160310 23:10:00  |k Rodrigo Vera 
999 |c 362848  |d 362846 
952 |0 0  |1 0  |3 erd  |4 0  |6 726_500000000000000_NUN_2010  |7 0  |8 X  |9 474378  |a FDOBUD  |b FDOBUD  |i 5266270  |o 726.5 NUN 2010  |p 5266270  |r 2019-11-24  |w 2019-11-24  |y BK_X  |z Catalogado en:20160310  |k BUD